000 01132nam a2200289 i 4500
001 bg
100 1 _aBańka, Stanisław
_d(1944- ).
245 1 0 _aSterowanie wielowymiarowymi układami dynamicznymi :
_bujęcie wielomianowe /
_cStanisław Bańka.
260 _aSzczecin :
_bWydawnictwo Uczelniane Politechniki Szczecińskiej,
_c2007.
300 _a413 s. :
_bil. ;
_c25 cm.
490 1 _aMonografie / Komitet Automatyki i Robotyki Polskiej Akademii Nauk,
_x1640-8969 ;
_vt. 11
504 _aBibliogr. s. 351-367. Indeks.
546 _aStreszcz. ang.
650 9 _aSterowanie
_xteoria
650 9 _aUkłady dynamiczne
830 0 _aMonografie - Komitet Automatyki i Robotyki Polskiej Akademii Nauk
_vt. 11
015 _aPB 9951/2008
020 _a9788374570459
040 _cBPK
041 0 _apol
_beng
044 _aPOL
080 _a62-5:519.7:517.938
920 _a978-83-7457-045-9
942 _cKS
008 090408s2007 pl a |001 0 pol
999 _c56209
_d56209
856 _uhttp://koha.tu.koszalin.pl/cgi-bin/koha/opac-detail.pl?biblionumber=56209
_yKatalog online BPK